00373nam a2200109Ia 4500008004100000020002200041041001200063100009400075245004100169260003200210650002100242231221s9999 xx 000 0 und d a978-1-4614-1933-4 aEnglish aXiao Liu, Dong Yuan, Gaofeng Zhang, Wenhao Li, Dahai Cao, Qiang He, Jinjun Chen, Yun Yang 4aThe Design of Cloud Workflow Systems c2012bSpringer USaNew York aComputer Science